countries with tapirs - Statistics

General Stats
  • This quiz has been taken 50 times
    45 since last reset
  • The average score is 22 of 25
Answer Stats
Answer % Correct
b bolivia
97%
b brazil
97%
m malaysia
97%
c colombia
92%
e ecuador
92%
g guyana
92%
i indonesia
92%
m mexico
92%
p panama
92%
p peru
92%
s suriname
92%
t thailand
92%
v venezuela
92%
e el salvador
89%
h honduras
89%
n nicaragua
89%
p paraguay
89%
v vietnam
89%
c costa rica
86%
g guatemala
86%
b belize
83%
c cambodia
83%
l laos
81%
b burma
78%
f france
78%
No matching quizzes found
Score Distribution
Percent of People with Each Score
Percentile by Number Answered
Your Score History
You have not taken this quiz since the last reset